| Tag |
First Indicator |
Second Indicator |
Subfields |
| LEADER |
00000cam a22000001a 4500 |
| 001 |
in00002139421 |
| 006 |
m e d # |
| 007 |
cr mn mmmmabba |
| 008 |
850708s1774 deu s s000 0 eng d |
| 005 |
20260330214727.7 |
| 035 |
|
|
|z w026396
|
| 035 |
|
|
|a MAAR8507083520B
|
| 035 |
|
|
|9 mwa91-16715
|
| 035 |
|
|
|a 317152
|
| 035 |
|
|
|a aas03026396
|
| 040 |
|
|
|a MWA
|c MWA
|e bdrb
|d UtOrBLW
|
| 110 |
1 |
|
|a Delaware.
|b General Assembly.
|b House of Representatives.
|
| 245 |
1 |
0 |
|a Votes and proceedings of the House of Representatives of the government of the counties of New-Castle, Kent and Sussex, on Delaware :
|b in General Assembly met at New-Castle, on Wednesday, October 20. 1773.
|
| 264 |
|
3 |
|a Wilmington [Del.] :
|b Printed and sold by James Adams, in High-Street,
|c 1774.
|
| 300 |
|
|
|a 46 pages ;
|c (folio)
|
| 336 |
|
|
|a text
|b txt
|2 rdacontent
|
| 337 |
|
|
|a computer
|b c
|2 rdamedia
|
| 338 |
|
|
|a online resource
|b cr
|2 rdacarrier
|
| 510 |
4 |
|
|a Bristol
|c B3722
|
| 510 |
4 |
|
|a Shipton & Mooney
|c 42583
|
| 510 |
4 |
|
|a Rink, E. Delaware,
|c 77
|
| 530 |
|
|
|a Microform version available in the Readex Early American Imprints series.
|
| 533 |
|
|
|a Electronic text and image data.
|b [Chester, Vt. :
|c Readex, a division of Newsbank, Inc.,
|d 2002-2004.
|e Includes files in TIFF, GIF and PDF formats with inclusion of keyword searchable text.
|f (Early American imprints. First series ; no. 42583).
|
| 500 |
|
|
|a Electronic resource.
|
| 752 |
|
|
|a United States
|b Delaware
|d Wilmington.
|
| 830 |
|
0 |
|a Early American imprints.
|n Series I,
|p Evans (1639-1800) ;
|v no. 42583.
|
| 856 |
4 |
1 |
|u http://proxy.library.tamu.edu/login?url=https://opac.newsbank.com/select/evans/42583
|y Evans Digital Edition
|t 0
|
| 999 |
|
|
|a MARS
|
| 999 |
f |
f |
|s d523a488-0c65-320f-9130-868e18ef2cc5
|i 4da1414f-3d22-3437-9f98-2e1d2df862f5
|t 0
|
| 952 |
f |
f |
|a Texas A&M University
|b College Station
|c Electronic Resources
|s www_evans
|d Available Online
|t 0
|h No information provided
|
| 998 |
f |
f |
|t 0
|l Available Online
|